00886nam a2200241Ia 4500001000600000003000900006008004100015040001300056040001300069041001300082100001900095100002900114245002100143245002500164250001100189260001100200260001000211260004900221300005500270500025800325650003000583650003100613 9427IT-RoPAU130308s9999 xx 000 0 und d aIT-RoPAU cIT-RoPAU aITALIANO aRagone Gerardo gCodice Aut. SPICS: 2219 aConsumatore (Il) bManuale di Marketing a1a ed. aMILANO bISEDI c1972 [1° Ed.:1972 - Ed.Ling.Originale:1972] a"65 p. (prefazione: no ; testo: 65 [pagine: 0-0])" aIntegrazione e conflitto stratificazione e Classi Sociali Mobilità€ Sociale Origini della Sociologia del consumo Modelli interpretativi dell'Agire di consumo Modello Veblen e Duesenberry Prospettiva Strutturale consumo e Produzione Linguaggio e Consumi aENCICLOPEDIE DI MARKETING eCodice materia Spics: 6451